حوالات العاملين في ضوء واقع هجرة الأردنيين إلى الخارج / (رقم التسجيلة. 22832)

تفاصيل مارك
000 -LEADER
fixed length control field 00532nam a22001697a 4500
005 - DATE AND TIME OF LATEST TRANSACTION
control field 20251108165231.0
008 - FIXED-LENGTH DATA ELEMENTS--GENERAL INFORMATION
fixed length control field 250721s1982 xx 000 0 ara d
082 14 - DEWEY DECIMAL CLASSIFICATION NUMBER
Classification number 332.45/حرب
100 1# - MAIN ENTRY--PERSONAL NAME
Personal name البنوي، حربي
245 10 - TITLE STATEMENT
Title حوالات العاملين في ضوء واقع هجرة الأردنيين إلى الخارج /
264 1# - PRODUCTION, PUBLICATION, DISTRIBUTION, MANUFACTURE, AND COPYRIGHT NOTICE
Place of production, publication, distribution, manufacture عمان :
Name of producer, publisher, distributor, manufacturer البنك المركزي الأردني،
Date of production, publication, distribution, manufacture, or copyright notice 1982.
300 ## - PHYSICAL DESCRIPTION
Extent 90ص
650 17 - SUBJECT ADDED ENTRY--TOPICAL TERM
Topical term or geographic name as entry element النقود
650 17 - SUBJECT ADDED ENTRY--TOPICAL TERM
Topical term or geographic name as entry element الحوالات
942 ## - ADDED ENTRY ELEMENTS (KOHA)
Source of classification or shelving scheme Dewey Decimal Classification
Koha item type كتب
المقتنيات
حالة السحب حالة الفقدان مصدر التصنيف حالة التلف غير قابل للإعارة المكتبة الرئيسية المكتبة الحالية موقع الرف تاريخ التزويد الرقم المتسلسل Total Checkouts رقم الإستدعاء الباركود تاريخ آخر ظهور تاريخ الفاتورة نوع المادة (كوها)
    Dewey Decimal Classification     مكتبة صويلح العامة مكتبة صويلح العامة الإعارة 26/07/2020 001717   332.45/حرب PLD00486833 28/07/2025 26/07/2020 كتب
Implemented & Customized by: BBB with SCIT (Smart Chains for Information Technology)

Powered by Koha